000
00238nam a2200097Ia 4500
001
679748
005
20250826161102.0
008
250824s9999 xx 000 0 und d
245
0
_a
ŞİMUGULA
_c
SEVGİ SAYGI
260
_b
GÜNIŞIĞI YAYINLARI
999
_c
679748
_d
679748